000 00221nam a22000857a 4500
008 160624b xxu||||| |||| 00| 0 eng d
100 _91067
_aPlaidy, J
245 _aSweet lass of Richmond Hill
260 _aN.Y
_bRandom House
_c1970
999 _c853
_d853